The F1 Movie Trivia - Statistics

General Stats
  • This quiz has been taken 234 times
  • The average score is 5 of 10
Answer Stats
Question Answer % Correct
Who played Sonny Hayes in the F1 Movie? Brad Pitt
97%
What is the name of Sonny Hayes' teammate in the movie? Joshua Pearce
90%
Which non-F1 race is displayed in the movie? Daytona 24 hours
70%
Which real-life F1 team was fictionalized as "APXGP" in the movie? Mercedes
55%
Which of those real crashes inspired Joshua Pearce’s fiery wreck at Monza? Alex Peroni 2019 Monza & Romain Grosjean 2020 Bahrain
53%
Which commentary duo appears in movie commentary scenes Martin Brundle & David Croft
52%
Which real-life venue did they use as APXGP's headquarters in the film? McLaren Technology Centre
42%
Which real-life crash inspired Sonny Hayes' near-fatal crash at Jerez? Donnelly '90
40%
During which session was most of the filming done on race weekends? Practice
29%
How many real-life F1 race weekends were used for filming F1: The Movie? 14
17%
No matching quizzes found
Score Distribution
Percent of People with Each Score
Percentile by Number Answered
Your Score History
You have not taken this quiz